A list of books printed in Scotland before 1700 : including those printed furth of the realm for Scottish booksellers, with brief notes on the printers and stationers.

Bibliographic Details
Main Author: Aldis, Harry Gidney, 1863-1919
Format: Book
Language:English
Published: New York : B. Franklin, [1970]
Series:Burt Franklin bibliography & reference series ; 333.
Subjects:

MARC

Tag First Indicator Second Indicator Subfields
LEADER 00000cam a2200000 4500
001 in00000102467
005 20150928090308.0
008 701231r19701904nyu b 00100 eng
010 |a  76121214  
035 |a (OCoLC)00107433 
035 |9 AAM4738AM 
040 |a DLC  |c DLC  |d TXA  |d UtOrBLW 
043 |a e-uk-st 
049 |a TXAM  |c [1122430] 
050 0 0 |a Z2051  |b .A55 1970 
082 0 |a 015/.41 
100 1 |a Aldis, Harry Gidney,  |d 1863-1919. 
245 1 2 |a A list of books printed in Scotland before 1700 :  |b including those printed furth of the realm for Scottish booksellers, with brief notes on the printers and stationers. 
264 1 |a New York :  |b B. Franklin,  |c [1970] 
300 |a xvi, 153 pages ;  |c 26 cm. 
336 |a text  |b txt  |2 rdacontent 
337 |a unmediated  |b n  |2 rdamedia 
338 |a volume  |b nc  |2 rdacarrier 
490 1 |a Burt Franklin bibliography & reference series,  |v 333 
500 |a First published in 1904 as volume 7 of the Publications of the Edinburgh Bibliographical Society. 
650 0 |a Scottish literature  |x Bibliography  |x Early. 
650 0 |a Printing  |x History  |z Scotland. 
650 0 |a Printers  |z Scotland. 
651 0 |a Scotland  |x Imprints. 
830 0 |a Burt Franklin bibliography & reference series ;  |v 333. 
999 |a MARS 
999 f f |s 93dd1d0e-26f6-3381-b697-eeb8d8a80c8f  |i 48a1dffd-109b-3927-bb1a-8fe65cd2c789  |t 0 
952 f f |p ric  |a Texas A&M University  |b Rellis Campus  |c Joint Library Facility  |d Remote Storage  |t 0  |e Z2051 .A55 1970  |h Library of Congress classification  |i unmediated -- volume  |m A14805771873 
998 f f |a Z2051 .A55 1970  |t 0  |l Remote Storage